000 00282nam a22001337a 4500
008 181020b xxu||||| |||| 00| 0 eng d
020 _a21693
041 _aeng
080 _a201
100 _a24
101 _aTEO
245 _aReligion and Sexism
_cRuther, R.R
942 _2udc
_cBK
999 _c50332
_d50332